| 000 | 00620nam a22001935i 4500 | ||
|---|---|---|---|
| 001 | 167833 | ||
| 003 | ES-MaACL | ||
| 005 | 20250809023755.0 | ||
| 008 | 991217s1899 xxk |||| | eng d | ||
| 040 |
_aCCPB | B _bspa _cCCPB | B |
||
| 100 | 1 |
_aWalker, Thomas Alfred. _9133865 |
|
| 245 | 1 | 2 |
_aA history of the law of nations / _cby Thomas Alfred Walker. |
| 260 |
_aCambridge : _b[s.n.], _c1899 ( _fat the University Press) |
||
| 300 |
_av. ; _c23 cm. |
||
| 597 | 1 | _aVol. I (XXX, 361 p.) | |
| 650 | 7 |
_aDerecho- _vHistoria _2 _9157402 |
|
| 852 |
_aES-MaACL _jG-11921 _z-- Enc. tela |
||
| 999 |
_c167833 _d167833 |
||